01235nam a22001457a 4500003000900000005001700009008004100026040001300067100004500080245004000125260007400165300001200239490003200251520080600283IT-RoPau20220918181222.0141004b xxu||||| |||| 00| 0 eng d cIT-RoPau aIstituto Regina Apostolorum (Apostoline) aSe vuoi.... - 1974bVieni e seguimi aCastelgandolfo (Roma)bIstituto Regina Apostolorum (Apostoline)c1974 c18,5 cm aSe vuoi....vAnno XV - 1974 aIndice Anno XV – n. 1 G. Verani – G. Dho – N. Sarale – B. Cadorin – D. Rops Anno XV – n. 2 G. Verani – F. Cagnasso P.I.M.E. - G. Dho – A. Paoli – C. Castegnetti – L. F. – Paolo VI – N. Sarale – B. Cadorin – A. Comastri Anno XV – n. 3 P. Ochs – G. Amorth – G. Dho – C. Castagnetti – J. Gogler – H. Passerat – C. Oggioni – G.M. Garrone – N. Sarale – B. Cadorin Anno XV – n. 4 G. Verani – P. Eluard – G. Dho – G. Gallois – P. Takashi Nagai – D. Spoletini – B. Cadorin – S. Kierkegaard Anno XV – n. 5 G. Verani – B. Elkman – C. Castagnetti – N. Sarale – B. Cadorin Anno XV – n. 6 D. Mongillo O.P. – G. Von Le Fort – C. Castagnetti – F. Maniscalco – M. D’Angelo – I. Scicolone – L. Cerrito – L. F. – B. Cadorin